000 00663 a2200229 4500
003 0198997
005 20250828134341.0
008 250828b |||||||| |||| 00| 0 eng d
020 _a978-978--971-568-8
040 _cNile University of Nigeria, Abuja.
_erda
050 _aKP 144 .O3
082 _aKP 144 .O3
100 _aOgbuabia, Iro Ogbuabia
_d2023
245 _aEvidence Law and Practice in Nigeria
_cAlimi Kamar
260 _aLagos
_bCityway Books Ventures
_c2023
264 _aLagos
_bCityway Books Ventures
_c2023
300 _cxciii, 490pg., 35 cm.
336 _2rdacontent
338 _2rdacarrier
650 _aEvidence Law
942 _2lcc
_cBK
999 _c43612
_d43612